000 00700nam a2200241 a 4500
001 12978
003 BD-JhCC
005 20230609083645.0
008 230609b2023 b ||||| ||a| 00| 0 b d
020 _a9789849621499
035 _a(BD-JhCC)12978
040 _aBD-JhCC
_dBD-JhCC
041 _abengali
082 _a891.443
_bCHO 2023
100 _a চৌধুরী, বিশ্বজিৎ
245 _aআশালতা /
_cবিশ্বজিৎ চৌধুরী
260 _aঢাকা:
_bপ্রথমা প্রকাশনী
_c2020
300 _a174p. :
600 _aআশালতা
650 _aBegali Novel
_zBangladesh
942 _2ddc
_cBK
999 _c12978
_d12978